000 00571nam a22001697u 4500
008 130405s1981 xxu||||| |||| 00| 0 spa d
017 _aBI-2334-1981
020 _a8433105863
041 _aspa
245 0 0 _aLa irrupción del pobre en la sociedad y en la Iglesia
_b:Documentos finales del IV congreso internacional ecuménico de teología del Tercer Mundo
_cTeófilo Cabestrero
260 _aBilbao:
_bDesclée de Brower,
_c1981
300 _a122 p.
_c;21 cm.
650 0 4 _aSociología
_915857
700 1 _aCabestrero, Teófilo
_94044
942 _cBK
001 49929
999 _c291339
_d291339